00618nam a2200169 i 450000100060000000300090000600500170001500700030003200800410003510000390007624500900011526000390020530000330024485200320027799900170030995201220032652241ES-MaACL20250530063009.0t|030827s1967 sp ||||1| spa d1 aChumy-Chúmez, d1927-200393870013aEl campo, los pobres, los ricos, la opinión, U.S.A. y etcétera /cChumy Chúmez. aMadrid : bCiencia Nueva, c[1967] a128 p., 52 lám. ; c20 cm. aES-MaACLjC-34136 bR.64790 c52241d52241 00104070aATENEOMbATENEOMcDEPO2d2008-01-17eSCl0oC-34136p1054920r2023-02-23 00:00:00w2023-02-23yMONOGRAFIA